000 00227nmm a2200085Ia 4500
008 220120s9999||||xx |||||||||||||||||und||
100 _aPCQ
245 0 _aUtilities : Adilix outlook , tools 4 pc , Developers, JBOSS
260 _c2005
999 _c138490
_d138490